000 01247cam a22002775a 4500
001 ocn180497195
003 OSt
005 20201128023553.0
008 071102s2008 nyua frb 001 0 eng d
020 _a9781416549000 (pbk.)
040 _aYDXCP
_beng
_cYDXCP
_dBAKER
_dIH7
_dZS3
_dWHP
_dCDX
_dWL8
_dEG-ScBUE
082 0 4 _a174.4
_bCOV
_222
100 1 _aCovey, Stephen M. R.
_91038
245 1 4 _aThe Speed of trust :
_bthe one thing that changes everything /
_cStephen M.R. Covey with Rebecca R. Merrill.
260 _aNew York :
_bFree Press / A Division of Simon & Schuster,
_c2008.
300 _axxvi, 354 p. :
_bill. ;
_c22 cm.
500 _aIndex : p . 339-354.
504 _aBibliographical : p. 325-337.
520 _aThis book challenges our age-old assumption that trust is merely a soft, social virtue, and instead demonstrates that it is a hard-edged, economic driver--a learnable and measurable skill that makes organizations more profitable, people more promotable, and relationships more energizing.
650 7 _aBusiness ethics.
_2BUEsh
_91146
650 0 _aSuccess in business.
_2BUEsh
_91390
651 _2BUEsh
653 _bBUSADM
_cSeptember2015
_cDecember2015
700 1 _aMerrill, Rebecca R.
_929107
942 _2ddc
_k174.4 COV
999 _c20809
_d20781